Pays occupés par l'Axe pendant la Seconde Guerre mondiale - Statistiques

Statistiques générales
  • Ce quiz a été pris 66 fois
  • Le résultat moyen est 47 sur 69
Statistiques - réponses
% Pays % Correct
80 France
98%
100 Belgique
91%
100 Finlande
91%
100 Norvège
91%
100 Pays-Bas
91%
100 Autriche
90%
30 Chine
90%
2 Danemark
90%
10 Russie
90%
100 Grèce
88%
100 Italie
88%
100 Pologne
88%
100 Allemagne
86%
100 Serbie
86%
100 Hongrie
84%
100 Croatie
83%
100 Estonie
83%
100 Japon
83%
100 Lettonie
83%
100 Slovaquie
83%
100 Slovénie
83%
100 Bosnie-Herzégovine
81%
100 Lituanie
81%
100 Roumanie
79%
40 Egypte
78%
< 1 Inde (Andaman et Îles Nicobar)
78%
100 Luxembourg
78%
100 Ukraine
78%
100 Albanie
76%
100 Biélorussie
76%
100 Bulgarie
76%
100 République Tchèque
76%
100 Viêt Nam
74%
100 Cambodge
72%
100 Montenegro
72%
100 Macédoine du nord
69%
100 Moldavie
69%
100 Thaïlande
69%
100 Tunisie
69%
100 Corée du Nord
67%
100 Corée du Sud
67%
100 Kosovo
67%
? Laos
67%
100 Libye
67%
95 Indonésie
66%
< 1 États-Unis
64%
100 Myanmar
64%
< 1 Australie (Île Christmas)
62%
100 Monaco
62%
100 Malaisie
59%
100 Philippines
57%
100 Taïwan
53%
< 1 Royaume-Uni (Les îles Anglo-Normandes)
50%
100 Singapour
50%
100 Éthiopie
48%
< 5 Soudan
48%
90 Papouasie-Nouvelle-Guinée
41%
100 Somalie
41%
100 Brunéi
40%
100 Irak
38%
? Îles Salomon
36%
100 Érythrée
34%
100 Îles Marshall
34%
? Kiribati
34%
100 Micronésie
34%
100 Nauru
33%
100 Timor Oriental
33%
100 Palaos
28%
< 5 Kenya
26%
Aucun quiz correspondant
Distribution des résultats
% des personnes avec chaque résultat
Percentile par nombre de réponses
Votre historique - résultats
Vous n’avez pas pris ce quiz